[Event "Blue Autumn"]
[Site "Bucharest ROM"]
[Date "2002.11.05"]
[Round "14"]
[White "Diulger,A"]
[Black "Djukic,Ni"]
[Result "0-1"]
[WhiteElo "2326"]
[BlackElo "2413"]

1.d4 Nf6 2.Bg5 Ne4 3.Bf4 c5 4.c3 Qb6 5.Qb3 cxd4 6.Qxb6 axb6 7.Bxb8 dxc3 8.Nxc3 Nxc3
9.Be5 Nd5 10.e4 Nb4 11.Rc1 Nc6 12.Nf3 Rxa2 13.Bc4 Ra8 14.O-O e6 15.Rfd1 Nxe5
16.Nxe5 f6 17.Nd3 Bd6 18.Rc2 Ke7 19.Rdc1 b5 20.Bxb5 b6 21.f4 Ba6 22.Bxa6 Rxa6
23.e5 fxe5 24.fxe5 Bb8 25.b4 Ra3 26.Rc3 Rxc3 27.Rxc3 Rf8 28.Rc4 d6 29.exd6+ Bxd6
30.Re4 Rf5 31.g3 Rd5 32.Nf4 Re5 33.Rxe5 Bxe5 34.Nd3 Kd6 35.Kf2 Kd5 36.Ke3 Bd6
37.Kd2 Kc4 38.Kc2 b5  0-1

[Event "Olympiad"]
[Site "Bled SLO"]
[Date "2002.11.06"]
[Round "11"]
[White "Karttunen,M"]
[Black "Lie,K"]
[Result "1/2-1/2"]
[WhiteElo "2413"]
[BlackElo "2421"]

1.d4 Nf6 2.Bg5 Ne4 3.Bf4 c5 4.f3 Qa5+ 5.c3 Nf6 6.d5 Qb6 7.Bc1 d6 8.c4 g6
9.Nc3 Bg7 10.g4 O-O 11.Nh3 e6 12.Nf2 exd5 13.cxd5 Re8 14.h4 Nbd7 15.e3 Ne5
16.Be2 c4 17.Kf1 h5 18.g5 Nfd7 19.f4 Nd3 20.Bxd3 cxd3 21.Qxd3 Nc5 22.Qb5 Qd8
23.Bd2 b6 24.Kg2 Ba6 25.Qb4 Qd7 26.Rh3 Bb7 27.e4 a5 28.Qxb6 Bxc3 29.bxc3 Nxe4
30.Rd3 Nc5 31.Rd4 Reb8 32.Rb1 Ra6 33.Qb2 Bxd5+ 34.Rxd5 Rxb2 35.Rxb2 Qc6 36.Rb8+ Kh7
37.c4 Nd7 38.Rd8 Qxc4 39.Rd3 Qc7 40.Re8 Nc5 41.Bc3 Qc6+ 42.Ne4 Ra8 43.Rxd6 Qb7
44.Re7 Qxe4+ 45.Rxe4 Nxe4 46.Rc6 Nxc3 47.Rxc3 Rb8 48.Rb3 Rc8 49.Ra3 Rc5 50.Kf3 Kg7
51.Ra4 Kf8 52.Ke4 Ke7 53.Kd4 Kd6 54.Ra3 Rf5 55.Ke4 Rb5 56.Rd3+ Ke6 57.a3 Rb1
58.Rd4 Re1+ 59.Kf3 Rf1+ 60.Ke4 Re1+ 61.Kf3 Rf1+ 62.Ke4 Re1+  1/2-1/2

[Event "Olympiad"]
[Site "Bled SLO"]
[Date "2002.11.10"]
[Round "14"]
[White "Chan,N"]
[Black "Jelen,Ig"]
[Result "1-0"]
[WhiteElo "2205"]
[BlackElo "2362"]

1.d4 Nf6 2.Bg5 Ne4 3.Bf4 c5 4.d5 Qb6 5.Qc1 g6 6.f3 Bg7 7.c3 Nf6 8.e4 e6 9.dxe6 fxe6
10.Na3 O-O 11.Nc4 Qc6 12.Ne5 Qb6 13.Nc4 Qc6 14.Ne5 Qa4 15.b3 Qa5 16.Nc4 Qd8
17.Bd6 Nc6 18.Bd3 Rf7 19.Ne2 Ne8 20.Bxc5 d5 21.Nb2 b6 22.Be3 Ne5 23.Qc2 Nxd3+
24.Qxd3 a5 25.O-O Ba6 26.Qc2 Bxe2 27.Qxe2 Bxc3 28.Rad1 d4 29.Na4 Rd7 30.Nxc3 dxc3
31.Rxd7 Qxd7 32.Bxb6 Qc6 33.Qf2 c2 34.Rc1 Rc8 35.Bxa5 Nd6 36.Qb6 Nb5 37.Qxc6 Rxc6
38.Kf1 e5 39.Ke1 Nd4 40.Bb4 Ra6 41.Bc3 Rxa2 42.Bxd4 exd4 43.Kd2 Rb2 44.Kd3 Rxb3+
45.Kxd4 Rb2 46.Kc3 Rb6 47.Rxc2 Kf7 48.Rb2 Rc6+ 49.Kd4 Ke6 50.h4 Ra6 51.Ke3 h6
52.Rb3 Kf6 53.g3 Rc6 54.Rd3 Ra6 55.Kf4 Ke6 56.Rb3 Rc6 57.g4 Ra6 58.Rb7 Ra5
59.g5  1-0

[Event "WYb16"]
[Site "Heraklio GRE"]
[Date "2002.11.17"]
[Round "4"]
[White "Pixton,A"]
[Black "Smirnov,I UKR"]
[Result "0-1"]
[WhiteElo "2443"]
[BlackElo "2365"]

1.d4 Nf6 2.Bg5 Ne4 3.Bf4 c5 4.f3 Qa5+ 5.c3 Nf6 6.d5 Qb6 7.Bc1 g6 8.e4 d6
9.c4 Bg7 10.Nc3 O-O 11.Bd3 e6 12.Nge2 exd5 13.exd5 Nbd7 14.f4 Ne8 15.g4 Qd8
16.g5 f5 17.Bd2 Nc7 18.a4 Re8 19.h4 b6 20.O-O Nf8 21.Ng3 Bd7 22.Qc2 a6 23.b3 Rb8
24.Rab1 b5 25.a5 Rb7 26.Nce2 Qe7 27.Kh2 Reb8 28.Rfe1 bxc4 29.bxc4 Rb2 30.Rxb2 Rxb2
31.Qc1 Qd8 32.Nc3 Rb3 33.Qa1 Ne8 34.Rb1 Qb8 35.Rxb3 Qxb3 36.Nge2 Kf7 37.Bc1 Nc7
38.Bb2 Ne8 39.Nc1 Qb4 40.Be2 Kg8 41.Qa2 Bxc3 42.Nd3 Qxa5 43.Qb3 Bxb2 44.Qxb2 Qa4
45.Qc3 Qa2 46.Nc1 Qb1 47.Nd3 Ba4 48.Nb2 Qc2 49.Nxa4 Qxe2+  0-1

[Event "WYg18"]
[Site "Heraklio GRE"]
[Date "2002.11.18"]
[Round "5"]
[White "Khasanova,E"]
[Black "Ciobanu,C"]
[Result "0-1"]
[WhiteElo "2033"]
[BlackElo "2214"]

1.d4 Nf6 2.Bg5 Ne4 3.Bh4 c5 4.f3 g5 5.fxe4 gxh4 6.e3 Qb6 7.Nc3 e6 8.Nf3 d6
9.Rb1 Bd7 10.Bc4 Rg8 11.O-O Bh6 12.Qe2 cxd4 13.exd4 Nc6 14.Nb5 Na5 15.Bd3 a6
16.Na3 Ke7 17.Qf2 Rg4 18.Nxh4 Rf4 19.Nf3 Rg8 20.Kh1 Be8 21.g3 Rfg4 22.b4 Nc6
23.Nc4 Qa7 24.c3 b5 25.Ne3 Bxe3 26.Qxe3 h5 27.Qh6 Kd8 28.d5 R8g6 29.Qxh5 Qe3
30.Rbd1 Ne7 31.e5 Rg7 32.exd6 Nxd5 33.Qe5 f6 34.Qxe3 Nxe3 35.Rde1 Nxf1 36.Bxf1 Bc6
37.Bg2 e5 38.Nh4 Rxh4 39.Bxc6 Rxg3 40.a4 bxa4 41.Bxa4 Rgh3 42.Re2 Rxc3 43.Rb2 a5
44.Kg1 Rxb4 45.Ra2 Rc1+ 46.Kg2 Rcb1 47.Kg3 Rg1+ 48.Kf2 Rgg4 49.Bc6 a4  0-1

[Event "TCh-BEL 2002-3"]
[Site "Belgium BEL"]
[Date "2002.11.24"]
[Round "3"]
[White "Winants,L"]
[Black "Schebler,G"]
[Result "1/2-1/2"]
[WhiteElo "2504"]
[BlackElo "2484"]

1.d4 Nf6 2.Bg5 Ne4 3.Bf4 c5 4.d5 Qb6 5.Nd2 Qxb2 6.Nxe4 Qb4+ 7.Qd2 Qxe4 8.e3 Qb4
9.c3 Qa5 10.d6 Nc6 11.Nf3 exd6 12.Bc4 Be7 13.h4 Ne5 14.Bd5 Nxf3+ 15.gxf3 Bf6
16.Rc1 Be5 17.Rg1 g6 18.Bh6 Qd8 19.f4 Bf6 20.f5 Qe7 21.Rg4 Rb8 22.Ke2 b5
23.Re4 Be5 24.Bg7 Bxg7 25.Rxe7+ Kxe7 26.Qd3 b4 27.Qe4+ Kd8 28.c4 a5 29.Qf4 Be5
30.Qg5+ Kc7 31.f4 Bb2 32.Rb1 Bc3 33.Bxf7 gxf5 34.Qxf5 a4 35.Qc2 a3 36.Qd3 Rb6
37.Bd5 Bb7 38.Bxb7 Kxb7 39.Rb3 Bb2 40.Kd1 Kc7 41.Qd5 Bc3 42.Kc2 Rbb8 43.Rb1 Rhe8
44.Rd1 Rb6 45.Qf3 Rg8 46.h5 h6 47.Kb3 Rg7 48.Qa8 Rc6 49.Rd5 Rf7 50.Qe8 Rf6
51.Qg8 Rb6 52.Qg3 Rf7 53.Rd1 Rb8 54.Qg6 Rf6 55.Qd3 Rg8 56.Qe2 Rf7 57.Qf3 Rf6
58.Ka4 Rb8 59.Kb3 Rg8 60.Qf2 Rf7  1/2-1/2

[Event "10th Ducale Open"]
[Site "Genova ITA"]
[Date "2002.11.28"]
[Round "5"]
[White "Stroppa,D"]
[Black "Paragua,M"]
[Result "1/2-1/2"]
[WhiteElo "2274"]
[BlackElo "2476"]

1.d4 Nf6 2.Bg5 Ne4 3.Bf4 d5 4.Nd2 Bf5 5.e3 Nxd2 6.Qxd2 Nd7 7.Bd3 Bg4 8.Be2 Bxe2
9.Qxe2 c5 10.Nf3 e6 11.O-O Be7 12.dxc5 Bxc5 13.c4 O-O 14.cxd5 exd5 15.Rfd1 Nb6
16.Qb5 Qe7 17.a3 a6 18.Qb3 Rfd8 19.Ne5 Rac8 20.h3 f6 21.Nd3 Nc4 22.Nxc5 Rxc5
23.Qa2 a5 24.b3 Nb6 25.Rac1 a4 26.Rxc5 Qxc5 27.bxa4 Nxa4 28.Qb3 Nc3 29.Rd2 g5
30.Rc2 Rc8 31.Bd6 Qxd6 32.Rxc3 Rxc3  1/2-1/2

[Event "19th WJun Girls"]
[Site "Goa IND"]
[Date "2002.12.09"]
[Round "1"]
[White "Koneru,C"]
[Black "Hasanova,E"]
[Result "1-0"]
[WhiteElo "2086"]
[BlackElo "2325"]

1.d4 Nf6 2.Bg5 Ne4 3.Bf4 c5 4.f3 Nf6 5.dxc5 Qa5+ 6.Qd2 Qxc5 7.Nc3 g6 8.e4 Bg7
9.O-O-O O-O 10.Bh6 d6 11.g4 Be6 12.Kb1 Nc6 13.h4 Ne5 14.Bxg7 Kxg7 15.h5 a6
16.hxg6 fxg6 17.Be2 Rac8 18.Nh3 b5 19.Nf4 Bg8 20.g5 Nfd7 21.Ncd5 Bxd5 22.Nxd5 Rf7
23.f4 Nc4 24.Qc3+ e5 25.Bg4 Kh8 26.Be6 Rg7 27.Nf6 Nxf6 28.gxf6 Rgc7 29.Bxc8 Rxc8
30.fxe5 dxe5 31.Qh3 h5 32.Rdg1 Rc7 33.Rxg6  1-0

[Event "19th WJun Girls"]
[Site "Goa IND"]
[Date "2002.12.13"]
[Round "7"]
[White "Koneru,C"]
[Black "Tsai,C"]
[Result "0-1"]
[WhiteElo "2086"]
[BlackElo "2204"]

1.d4 Nf6 2.Bg5 Ne4 3.Bf4 c5 4.f3 Qa5+ 5.c3 Nf6 6.Nd2 cxd4 7.Nb3 Qf5 8.Bxb8 Rxb8
9.Qxd4 b6 10.e4 Qf4 11.Nh3 Qc7 12.e5 Ng8 13.Bc4 e6 14.Ng5 f6 15.exf6 Nxf6
16.O-O Be7 17.Ne4 O-O 18.Bd3 d5 19.Nxf6+ Bxf6 20.Qe3 Be5 21.h3 Bf4 22.Qe2 Qe7
23.Rfd1 e5 24.Bc2 Be6 25.Nd2 Qg5 26.Kh1 Rf6 27.g4 Rbf8 28.Nf1 Rh6 29.Qg2 Rh4
30.Ng3 e4 31.Nf5 Bxf5 32.Rxd5 exf3 33.Qf1 Qxg4 34.Bxf5 Qg3 35.Qg1 Rxh3+  0-1

[Event "ch-Balkan"]
[Site "Istanbul TUR"]
[Date "2002.12.17"]
[Round "9"]
[White "Miladinovic,I"]
[Black "Grigore,Ge"]
[Result "1-0"]
[WhiteElo "2518"]
[BlackElo "2482"]

1.d4 Nf6 2.Bg5 Ne4 3.Bf4 c5 4.f3 Qa5+ 5.c3 Nf6 6.Nd2 cxd4 7.Nb3 Qb6 8.Qxd4 Nc6
9.Qxb6 axb6 10.Be3 b5 11.Nd4 Nxd4 12.Bxd4 e6 13.e4 b4 14.Bb5 bxc3 15.Bxc3 Be7
16.Ne2 O-O 17.Nf4 d6 18.a3 Rd8 19.O-O-O d5 20.exd5 Nxd5 21.Nxd5 exd5 22.Rhe1 Bg5+
23.Kc2 Bf5+ 24.Kb3 Be6 25.Bd4 Rdc8 26.g3 Be7 27.Rc1 Bd6 28.f4 h5 29.Be2 g6
30.Bf3 Rc4 31.Rxc4 dxc4+ 32.Kc2 Rd8 33.Bf6 Rb8 34.Rd1 Bc7 35.Be5 Bxe5 36.fxe5 Kg7
37.Rd6 b5 38.Kc3 h4 39.gxh4 Rh8 40.Rd4 g5 41.Bc6 g4 42.Bxb5 Rxh4 43.Bxc4 Rh3+
44.Kb4  1-0

[Event "AIG Life rapid QF2"]
[Site "Warsaw POL"]
[Date "2002.12.22"]
[Round "1"]
[White "Chernin,A"]
[Black "Volokitin,And"]
[Result "0-1"]
[WhiteElo "2573"]
[BlackElo "2558"]

1.d4 Nf6 2.Bg5 Ne4 3.Bf4 c5 4.f3 Qa5+ 5.c3 Nf6 6.d5 Qb6 7.Bc1 e6 8.c4 exd5
9.cxd5 c4 10.e3 Bc5 11.Kf2 O-O 12.Bxc4 Re8 13.Qb3 Qd8 14.Ne2 d6 15.Bb5 Nbd7
16.Nbc3 a6 17.Bxd7 Bxd7 18.Ng3 b5 19.a3 Rc8 20.Bd2 a5 21.Rhe1 a4 22.Qc2 h5
23.Nf1 g6 24.Kg1 Re5 25.Kh1 Nxd5 26.Qd3 Nb6 27.e4 h4 28.Bf4 Rh5 29.Ne3 Qf6
30.Ned5 Nxd5 31.Nxd5 Rxd5 32.Qxd5 Qxf4 33.Qd3 d5 34.e5 Bd4 35.e6 Bxe6 36.Rxe6 fxe6
37.Qxg6+ Kf8  0-1

[Event "TCh-BEL 2002-3"]
[Site "Belgium BEL"]
[Date "2002.12.23"]
[Round "5"]
[White "Winants,L"]
[Black "Marcelin,C"]
[Result "1-0"]
[WhiteElo "2504"]
[BlackElo "2470"]

1.d4 Nf6 2.Bg5 Ne4 3.Bf4 d5 4.e3 e6 5.Bd3 b6 6.Bxe4 dxe4 7.c4 Bb4+ 8.Nd2 Bb7
9.Ne2 O-O 10.O-O Nd7 11.a3 Bd6 12.Bxd6 cxd6 13.Nc3 f5 14.a4 d5 15.cxd5 Bxd5
16.Nxd5 exd5 17.Qb3 Nf6 18.Rfc1 Rc8 19.Rc3 Rf7 20.Rac1 Rfc7 21.Nb1 Kf7 22.Qb5 Qd6
23.Rxc7+ Rxc7 24.Rxc7+ Qxc7 25.Nc3 f4 26.h3 fxe3 27.fxe3 Ke6 28.Qe2 g5 29.Qf2 Qd6
30.g4 Kf7 31.Kg2 a5 32.Qf5 Qb4 33.Qxf6+ Kxf6 34.Nxd5+ Ke6 35.Nxb4 axb4 36.h4 h6
37.hxg5 hxg5 38.Kf2 Kd5 39.Ke2 Kc4 40.Kd2  1-0

[Event "XVIII Winter Open"]
[Site "Nice FRA"]
[Date "2002.12.27"]
[Round "3"]
[White "Miladinovic,I"]
[Black "Georgieva,Li"]
[Result "1-0"]
[WhiteElo "2518"]
[BlackElo "2232"]

1.d4 Nf6 2.Bg5 Ne4 3.h4 c5 4.dxc5 Qa5+ 5.Nd2 Nxg5 6.hxg5 Qxc5 7.g6 fxg6 8.e3 Nc6
9.Ngf3 d6 10.c3 Bf5 11.Nb3 Qb6 12.Ng5 Ne5 13.a4 Nd3+ 14.Bxd3 Bxd3 15.Qxd3 Qxb3
16.Rh4 a5 17.Rc4 e5 18.Qd5 Be7 19.Qf7+ Kd7 20.Qe6+ Ke8 21.Rc8+ Rxc8 22.Qxb3 Bxg5
23.Qe6+  1-0

[Event "11th Donau Open"]
[Site "Aschach AUT"]
[Date "2002.12.28"]
[Round "4"]
[White "Sucher,J"]
[Black "Krivoshey,S"]
[Result "0-1"]
[WhiteElo "2171"]
[BlackElo "2498"]

1.d4 Nf6 2.Bg5 Ne4 3.Bh4 c5 4.f3 g5 5.fxe4 gxh4 6.e3 Bh6 7.Qh5 Bxe3 8.Nf3 Nc6
9.Bc4 e6 10.d5 Nd4 11.Rf1 O-O 12.Nbd2 Qf6 13.O-O-O Qh6 14.Qg4+ Kh8 15.Ne5 d6
16.Rxf7 dxe5 17.Rxf8+ Qxf8 18.dxe6 Qh6 19.Qg8+ Kxg8 20.e7+ Be6  0-1

[Event "North American Open"]
[Site "Las Vegas USA"]
[Date "2002.12.28"]
[Round "4"]
[White "Ziane,N"]
[Black "Sevillano,E"]
[Result "0-1"]
[WhiteElo "2187"]
[BlackElo "2486"]

1.d4 Nf6 2.Bg5 Ne4 3.h4 d5 4.Nd2 Nxd2 5.Qxd2 c6 6.e3 Bf5 7.Bd3 Bxd3 8.Qxd3 Qb6
9.O-O-O Nd7 10.e4 e6 11.Ne2 h6 12.Bf4 dxe4 13.Qxe4 Qa6 14.Kb1 Nf6 15.Qd3 Qxd3
16.Rxd3 O-O-O 17.f3 Bd6 18.c3 Bxf4 19.Nxf4 g5 20.hxg5 hxg5 21.Rxh8 Rxh8 22.Nh3 Rg8
23.Re3 Kd7 24.Kc1 Nd5 25.Re2 g4 26.fxg4 Rxg4 27.Kd2 Ke7 28.Ke1 f6 29.Kf2 Kd6
30.Kf3 Rh4 31.Re4 Rxe4 32.Kxe4 f5+ 33.Kf3 c5 34.dxc5+ Kxc5 35.Nf2 Kc4 36.g4 fxg4+
37.Kxg4 a5 38.Kf3 a4 39.Ke2 a3 40.bxa3 Nxc3+ 41.Ke3 b5 42.Nd3 Nxa2 43.Nf4 e5
44.Nd3 Kd5 45.Kd2 Kd4 46.Ne1 Kc4 47.Kc2 e4 48.Ng2 Nc3 49.Ne3+ Kd4 50.Nf5+ Ke5
51.Ne7 Ne2 52.Nc6+ Kd6 53.Na7 Nd4+ 54.Kd2 Ke5 55.Ke3 Nc2+ 56.Ke2 Nxa3 57.Nc6+ Kd6
58.Nd4 Kd5 59.Nf5 Nc4 60.Ne7+ Kd4 61.Nf5+ Kc3 62.Ng3 Nd6 63.Ke3 b4 64.Ne2+ Kc4
65.Kd2 Nf5 66.Nc1 b3 67.Ne2 Nd4  0-1

[Event "32nd Rilton Cup"]
[Site "Stockholm SWE"]
[Date "2002.12.28"]
[Round "2"]
[White "Bellon Lopez,JuM"]
[Black "Alquist,E"]
[Result "1-0"]
[WhiteElo "2428"]
[BlackElo "2106"]

1.d4 Nf6 2.Bg5 Ne4 3.Bh4 c5 4.f3 g5 5.fxe4 gxh4 6.e3 Bh6 7.d5 Bxe3 8.Nd2 d6
9.Nc4 Bd4 10.c3 Bf6 11.a4 h3 12.g3 h5 13.Bxh3 h4 14.Bxc8 Qxc8 15.g4 h3 16.Qf3 Rh4
17.Qxf6 Qxg4 18.Nxd6+ exd6 19.Ne2 Nd7 20.Qxd6 Qxe4 21.Rf1 Qe3 22.Qg3 Qxg3+
23.Nxg3 Ne5 24.b3 c4 25.Rf5 Ng4 26.O-O-O Nxh2 27.Rh1 Rg4 28.Nh5 Rg2 29.Nf4 Ra2
30.Re1+ Kf8 31.Ne6+ Ke7 32.Ng5+ Kd6 33.Nxf7+ Kc7 34.Re7+ Kb6 35.Rf6+ Ka5
36.Rxb7 a6 37.Nd6 cxb3 38.Nc4+ Kxa4 39.Rb4+  1-0

[Event "35th Open"]
[Site "Trinec CZE"]
[Date "2002.12.30"]
[Round "4"]
[White "Lys,J"]
[Black "Szwed,J"]
[Result "0-1"]
[WhiteElo "2353"]
[BlackElo "2024"]

1.d4 Nf6 2.Bg5 Ne4 3.Bf4 c5 4.f3 Qa5+ 5.c3 Nf6 6.d5 d6 7.e4 g6 8.Nd2 Nbd7
9.Bd3 Bg7 10.Ne2 O-O 11.O-O Rb8 12.a4 Ne8 13.Bg5 Qd8 14.f4 Nc7 15.Qc2 Bf6
16.Nf3 e6 17.dxe6 Nxe6 18.Bxf6 Nxf6 19.h3 a6 20.c4 b5 21.cxb5 axb5 22.Bxb5 Qb6
23.Rad1 Bb7 24.Nc3 Rfd8 25.Kh2 d5 26.e5 Ne4 27.g3 Rbc8 28.Nxe4 dxe4 29.Nd2 Nd4
30.Nc4 Nxc2 31.Nxb6 Ne3 32.Rxd8+ Rxd8 33.Re1 Rd2+ 34.Re2 Nf1+ 35.Kg2 Ne3+
36.Kh2 Nf1+ 37.Kg1 Rd1 38.Kf2 e3+ 39.Rxe3 Nxe3 40.Kxe3 Rb1 41.Nc4 Bd5 42.Kd3 Rg1
43.g4 Rg3+ 44.Ne3 Rxh3 45.g5 Kf8 46.a5 Ke7 47.a6 Ba8 48.Bc4 Kf8 49.a7 Rf3
50.b4 cxb4 51.Kd4 Rxf4+ 52.Kc5 Re4 53.Ng4 Rxg4 54.Bd5 Rxg5 55.Bxa8 Rxe5+
56.Bd5 Re8 57.Kxb4 f5 58.Kc5 Ke7 59.Kd4 Kd6 60.a8=Q Rxa8 61.Bxa8 g5 62.Bg2 h5
63.Ke3 Ke5 64.Kf3 f4 65.Bh3 g4+  0-1

[Event "TCh-NOR Qualifier"]
[Site "NOR"]
[Date "2002.??.??"]
[Round "9"]
[White "Andersen,Pe"]
[Black "Ludvigsen,F"]
[Result "1/2-1/2"]
[WhiteElo "2173"]
[BlackElo "2225"]

1.d4 Nf6 2.Bg5 Ne4 3.Bf4 c5 4.f3 Nf6 5.dxc5 Qa5+ 6.Nc3 Qxc5 7.Qd2 d6 8.e4 a6
9.O-O-O Nbd7 10.Nge2 b5 11.Be3 Qc7 12.Nf4 e6 13.Nd3 Bb7 14.g4 Nb6 15.Nb4 Nc4
16.Bxc4 Qxc4 17.Qd4 d5 18.Qb6 Bxb4 19.Qxb7 O-O 20.Rd4 Qc5 21.Na4 Qe7 22.Qxe7 Bxe7
23.Nb6 Rab8 24.e5 Bc5 25.exf6 Rxb6 26.fxg7 Kxg7 27.Rd3 Bxe3+ 28.Rxe3 Rc6
29.Rd1 Rfc8 30.Re2 Rc4 31.Rd3 Rf4 32.Kd2 Rfc4  1/2-1/2

[Event "38th Junior"]
[Site "Hallsberg SWE"]
[Date "2003.01.01"]
[Round "5"]
[White "Wallin,D"]
[Black "Gogin,R"]
[Result "1-0"]
[WhiteElo "2111"]
[BlackElo "2109"]

1.d4 Nf6 2.Bg5 Ne4 3.Bf4 c5 4.f3 Qa5+ 5.c3 Nf6 6.Nd2 cxd4 7.Nb3 Qf5 8.Bxb8 Rxb8
9.Qxd4 b6 10.e4 Qf4 11.Ne2 Qc7 12.e5 Ng8 13.Ng3 f6 14.f4 g6 15.Bc4 f5 16.Bxg8 Rxg8
17.O-O-O e6 18.h4 b5 19.Kb1 Bb7 20.Rd2 Bd5 21.Qe3 Bc6 22.h5 Kf7 23.hxg6+ hxg6
24.Nd4 Bd5 25.Nf3 Bc5 26.Ng5+ Kg7 27.Rh7+ Kf8 28.Qe1 Be7 29.Rxd5 exd5 30.e6 d6
31.Qh1 Rb7 32.Rf7+ Ke8 33.Qh7 Rf8 34.Qxg6 Kd8 35.Nxf5 Qc4 36.Ne3 Qe2 37.Rxf8+ Bxf8
38.Qf6+ Be7 39.Qh8+ Kc7 40.Nxd5+ Kc6 41.Nb4+ Kb6 42.Qd4+ Kc7 43.Nd5+ Kc6
44.Ne4 Bf8 45.e7 Qf1+ 46.Kc2 Qe2+ 47.Kb3 Qc4+ 48.Qxc4+ bxc4+ 49.Kxc4 Bxe7
50.b4 Bf8 51.g4 Rg7 52.g5 Rf7 53.g6 Rg7 54.f5 Be7 55.f6 Bxf6 56.Nexf6  1-0

[Event "Challengers"]
[Site "Hastings ENG"]
[Date "2003.01.02"]
[Round "6"]
[White "Lawson,E"]
[Black "Gormally,D"]
[Result "0-1"]
[WhiteElo "2239"]
[BlackElo "2502"]

1.d4 Nf6 2.Bg5 Ne4 3.Bf4 c5 4.f3 Qa5+ 5.c3 Nf6 6.Nd2 cxd4 7.Nb3 Qb6 8.Qxd4 Nc6
9.Qxb6 axb6 10.Be3 d5 11.Bxb6 e5 12.Bf2 d4 13.e4 Be6 14.Nd2 Bc5 15.a4 O-O-O
16.Nc4 Ba7 17.g4 Kb8 18.Bg3 Nd7 19.Nh3 f6 20.Nf2 dxc3 21.bxc3 Nc5 22.Ra3 Rd7
23.Be2 Rhd8 24.O-O Nd3 25.Bxd3 Rxd3 26.Nb2 Rxf3 27.Kg2 Rxf2+ 28.Bxf2 Rd2
29.Nd1 Bxg4 30.Ra1 Be2 31.Ne3 Bxf1+ 32.Kxf1 Bxe3 33.Bxe3 Rxh2 34.Rd1 Kc7
35.Rb1 Ra2 36.Bb6+ Kc8 37.c4 Rxa4 38.c5 Rxe4  0-1

[Event "32nd Rilton Cup"]
[Site "Stockholm SWE"]
[Date "2003.01.03"]
[Round "7"]
[White "Hellborg,T"]
[Black "Kulagin,M"]
[Result "1-0"]
[WhiteElo "2240"]
[BlackElo "2049"]

1.d4 Nf6 2.Bg5 Ne4 3.Bh4 c5 4.f3 g5 5.fxe4 gxh4 6.e3 Bh6 7.Kf2 Nc6 8.Qh5 Bg7
9.Qxc5 d6 10.Qg5 Bf6 11.Qh5 Qb6 12.Qb5 Qc7 13.Nc3 a6 14.Nd5 Qd7 15.Nxf6+ exf6
16.Qh5 Qe6 17.Qxh4 Ne7 18.Bd3 b5 19.Ne2 Ng6 20.Qh5 Bb7 21.Nf4 Qe7 22.Nd5 Bxd5
23.Qxd5 O-O 24.Rhf1 Qe6 25.Kg1 Kh8 26.Qf5 Kg7 27.Rf3 Nh4 28.Rg3+ Kh8 29.Qh5 Ng6
30.Rh3  1-0

[Event "XXVIII"]
[Site "Seville ESP"]
[Date "2003.01.11"]
[Round "2"]
[White "Onate Mendez,E"]
[Black "Lalic,B"]
[Result "0-1"]
[WhiteElo "2137"]
[BlackElo "2547"]

1.d4 Nf6 2.Bg5 Ne4 3.Bf4 c5 4.f3 Qa5+ 5.c3 Nf6 6.d5 Qb6 7.b3 e6 8.e4 exd5
9.exd5 Bd6 10.Nh3 O-O 11.Bc4 Bxf4 12.Nxf4 d6 13.O-O Nbd7 14.a4 Ne5 15.Nd2 Bd7
16.a5 Qc7 17.Re1 Rfe8 18.Ne4 Nxe4 19.Rxe4 Re7 20.Nd3 Bf5 21.Re1 Nxd3  0-1

[Event "Bundesliga 2002-3"]
[Site "Tegernsee GER"]
[Date "2003.01.12"]
[Round "9"]
[White "McShane,L"]
[Black "Jansa,Vl"]
[Result "1-0"]
[WhiteElo "2568"]
[BlackElo "2504"]

1.d4 Nf6 2.Bg5 Ne4 3.Bf4 d5 4.e3 Bf5 5.f3 Nf6 6.c4 e6 7.Qb3 b6 8.Nc3 c6 9.g4 Bg6
10.h4 h5 11.g5 Ng8 12.cxd5 exd5 13.e4 Bd6 14.Nh3 Ne7 15.O-O-O O-O 16.Bd3 a5
17.Rhe1 Na6 18.a3 b5 19.exd5 b4 20.Bxd6 Qxd6 21.Ne4 Bxe4 22.fxe4 a4 23.e5 axb3
24.exd6 Nxd5 25.a4 g6 26.Nf2 Nb8 27.Bc4 Rxa4 28.Bxb3 Ra5 29.Kd2 Nd7 30.Ra1 Rxa1
31.Rxa1 f6 32.Ne4 fxg5 33.Nxg5 Rf6 34.Ra8+  1-0

[Event "Kaissa Open"]
[Site "Kharkov UKR"]
[Date "2003.01.27"]
[Round "6"]
[White "Ivanov,AndA"]
[Black "Kovalenko,N"]
[Result "1/2-1/2"]
[WhiteElo "2323"]
[BlackElo "2183"]

1.d4 Nf6 2.Bg5 Ne4 3.Bf4 d5 4.f3 Nd6 5.Nc3 e6 6.e4 c6 7.Qd2 Be7 8.e5 Nf5
9.Nge2 c5 10.dxc5 Bxc5 11.Ng3 Nxg3 12.hxg3 Nc6 13.a3 a6 14.O-O-O Bd7 15.g4 Qa5
16.Kb1 Bd4 17.Qe1 Bxc3 18.Qxc3 Qxc3 19.bxc3 Na5 20.Bc1 O-O-O 21.g5 Bb5 22.Bd3 Kd7
23.Rh4 Rc8 24.Rdh1 Rxc3 25.Bxb5+ axb5  1/2-1/2

[Event "Open"]
[Site "Auckland AUS"]
[Date "2003.01.28"]
[Round "5"]
[White "Froehlich,P"]
[Black "Sermek,D"]
[Result "1/2-1/2"]
[WhiteElo "2421"]
[BlackElo "2577"]

1.d4 Nf6 2.Bg5 Ne4 3.Bf4 c5 4.f3 Qa5+ 5.c3 Nf6 6.d5 Qb6 7.Bc1 g6 8.Nh3 Bg7
9.e4 d6 10.Nf2 O-O 11.Be2 Qc7 12.O-O  1/2-1/2

[Event "Gibraltar Masters"]
[Site "Catalan Bay ENG"]
[Date "2003.01.29"]
[Round "2"]
[White "Bellon Lopez,JuM"]
[Black "Palac,M"]
[Result "1/2-1/2"]
[WhiteElo "2428"]
[BlackElo "2591"]

1.d4 Nf6 2.Bg5 Ne4 3.Bh4 c5 4.f3 g5 5.fxe4 gxh4 6.e3 Bh6 7.Nd2 Bxe3 8.d5 d6
9.Qh5 Bxd2+ 10.Kxd2 Qb6 11.Kc1 c4 12.Nf3 c3 13.bxc3 Qe3+ 14.Kb2 Qb6+ 15.Kc1 Qe3+
16.Kb2 Qb6+  1/2-1/2

[Event "National I"]
[Site "Sautron FRA"]
[Date "2003.02.02"]
[Round "3"]
[White "Gouret,T"]
[Black "Relange,E"]
[Result "0-1"]
[WhiteElo "2248"]
[BlackElo "2499"]

1.d4 Nf6 2.Bg5 Ne4 3.Bf4 c5 4.f3 Qa5+ 5.c3 Nf6 6.Nd2 cxd4 7.Nb3 Qb6 8.Qxd4 Nc6
9.Qxb6 axb6 10.e4 d5 11.exd5 Nxd5 12.Bd2 e5 13.Nh3 Be7 14.Bd3 Bxh3 15.gxh3 Ra4
16.Kf2 O-O 17.Be4 Nf6 18.Rhe1 Nd7 19.Kg2 f5 20.Bd5+ Kh8 21.c4 Bh4 22.Re2 Bf6
23.Bc3 e4 24.fxe4 Bxc3 25.bxc3 f4 26.Rf2 Nce5 27.Nd4 Nd3 28.Rd2 N7e5 29.Nf3 Nxf3
30.Rxd3 Ne5 31.Rd4 Ra3 32.Bxb7 g5 33.Rd5 Nxc4 34.Rxg5 Rxc3 35.Bd5 f3+ 36.Kh1 Ne3
37.Rag1 Rcc8 38.R5g3 f2 39.Rxe3 fxg1=Q+ 40.Kxg1 Rc2 41.e5 Rd8 42.Bf3 Kg7
43.Re2 Rxe2 44.Bxe2 Re8 45.Kf2 Rxe5 46.Bd3 h6 47.Kf3 Kf6 48.h4 Ra5 49.Bc4 Ra4
50.Bb3 Rxh4 51.Kg3 Kg5 52.Be6 Re4 53.Bd5 Re3+ 54.Kf2 Kf4 55.Bc4 h5 56.Bb3 h4
57.Ba4 Rf3+ 58.Kg2 Rd3 59.Bb3 h3+  0-1

[Event "National I"]
[Site "Sautron FRA"]
[Date "2003.02.02"]
[Round "3"]
[White "Eliet,N"]
[Black "Hebden,M"]
[Result "0-1"]
[WhiteElo "2422"]
[BlackElo "2515"]

1.d4 Nf6 2.Bg5 Ne4 3.Bh4 c6 4.c3 d5 5.f3 Nd6 6.Nd2 Bf5 7.g4 Bg6 8.Nh3 Qb6
9.Qb3 Nd7 10.Bg3 f6 11.Nf4 Bf7 12.Nd3 h5 13.gxh5 Rxh5 14.e4 e5 15.Qxb6 axb6
16.Be2 exd4 17.cxd4 Nb5 18.Bf2 Rh7 19.e5 Ra4 20.Bd1 Ra5 21.Nb3 Ra8 22.a4 Nc7
23.a5 Ne6 24.axb6 Rxa1 25.Nxa1 Nxb6 26.Nb3 Nc4 27.exf6 gxf6 28.Nbc1 Bh6 29.Nb3 Bg6
30.Be2 Ng5 31.Nbc1 Nh3 32.Bg3 Nxb2 33.Bf1 Re7+  0-1

[Event "Gibraltar Masters"]
[Site "Catalan Bay ENG"]
[Date "2003.02.03"]
[Round "7"]
[White "McShane,L"]
[Black "Kotronias,V"]
[Result "1-0"]
[WhiteElo "2568"]
[BlackElo "2573"]

1.d4 Nf6 2.Bg5 Ne4 3.Bf4 c5 4.d5 Qb6 5.Bc1 g6 6.f3 Nd6 7.e4 Bg7 8.Nc3 f5
9.exf5 Nxf5 10.g4 Nh6 11.d6 e6 12.Nb5 Na6 13.Bf4 Qc6 14.Bxh6 Bxh6 15.c4 O-O
16.h4 Bf4 17.h5 Bg3+ 18.Ke2 Nb4 19.hxg6 h6 20.g7 Kxg7 21.Qd2 Bf4 22.Qc3+ Kg8
23.a3 Na6 24.Qd3 Kg7 25.Nh3 Be5 26.Bg2 b6 27.Rhg1 Bf4 28.Qc3+ Kg6 29.Nxf4+ Rxf4
30.Ke3 e5 31.Qxe5 Rxc4 32.Rh1  1-0

[Event "11th Aosta Open"]
[Site "Saint Vincent ITA"]
[Date "2003.02.14"]
[Round "7"]
[White "Skembris,S"]
[Black "Collutiis,D"]
[Result "1-0"]
[WhiteElo "2426"]
[BlackElo "2325"]

1.d4 Nf6 2.Bg5 Ne4 3.h4 c5 4.dxc5 Qa5+ 5.Nd2 Nxg5 6.hxg5 g6 7.c3 Qxc5 8.Ngf3 Bg7
9.e3 a6 10.a4 d5 11.a5 Nc6 12.Qa4 e5 13.e4 d4 14.Bc4 Bd7 15.Qb3 dxc3 16.Bxf7+ Ke7
17.bxc3 Nxa5 18.Qd5 Qxd5 19.Bxd5 Nc6 20.Nc4 Be6 21.O-O Rac8 22.Rfb1 Nd8 23.Bxe6 Kxe6
24.Rb6+ Rc6 25.Rab1 Rxb6 26.Rxb6+ Kd7 27.Ne1 Kc7 28.Nd3 Re8 29.Nb4 Re6 30.Nd5+ Kd7
31.Rb3 b5 32.Ncb6+ Kc6 33.c4 bxc4 34.Nxc4 Kc5 35.Na5 Kd4 36.f3 Rd6 37.Rb8 Ne6
38.Rc8 Nf4 39.Nb7  1-0

[Event "TCh-CZE 2002-3"]
[Site "Czech Rep CZE"]
[Date "2003.02.16"]
[Round "7"]
[White "Buchnicek,P"]
[Black "Zvara,P"]
[Result "1-0"]
[WhiteElo "2296"]
[BlackElo "2331"]

1.d4 Nf6 2.Bg5 Ne4 3.h4 c5 4.d5 Qb6 5.Nd2 Nxd2 6.Bxd2 e6 7.e4 exd5 8.exd5 Qxb2
9.Nf3 d6 10.Rb1 Qf6 11.Bb5+ Bd7 12.O-O Qf5 13.Re1+ Kd8 14.Bd3  1-0

[Event "1st NAO GM"]
[Site "Paris FRA"]
[Date "2003.02.19"]
[Round "7"]
[White "Marzolo,C"]
[Black "Vachier Lagrave,M"]
[Result "1/2-1/2"]
[WhiteElo "2480"]
[BlackElo "2348"]

1.d4 Nf6 2.Bg5 Ne4 3.Bf4 c5 4.dxc5 Nc6 5.Nd2 Nxc5 6.e4 g6 7.Ngf3 Bg7 8.c3 O-O
9.Be3 d6 10.Be2 b6 11.Qc2 Bb7 12.h4 h6 13.O-O-O Rc8 14.Kb1 Nd7 15.Nh2 d5
16.Qa4 Nf6 17.e5 Nxe5 18.Qxa7 Rb8 19.Nb3  1/2-1/2